| 000 | 00582nam a2200217Ia 4500 | ||
|---|---|---|---|
| 003 | IT-RoPAU | ||
| 008 | 120407s9999 xx 000 0 und d | ||
| 040 | _aIT-RoPAU | ||
| 040 | _cIT-RoPAU | ||
| 041 | _aita | ||
| 245 | _aRoma e la provincia | ||
| 250 | _aBologna | ||
| 260 | _aCappelli | ||
| 260 | _c1985 | ||
| 300 | _c24 cm | ||
| 490 | _v2 | ||
| 600 | _a"1° v. Organizzazione, economia, società. 539 p. 2° v. Topografia, urbanizzazione, cultura. 723 p." | ||
| 710 | _aIstituto Nazionale di Studi Romani | ||
| 942 | _cBK | ||
| 999 |
_c13647 _d13647 |
||